[Event "Budapest FS03 FM"]
[Site "Budapest"]
[Date "2024.03.12"]
[Round "9"]
[White "Juracsik, Jozsef"]
[Black "Szalanczy, Emil"]
[Result "1/2-1/2"]
[WhiteElo "1888"]
[BlackElo "1869"]
[PlyCount "35"]
[EventDate "2024.03.02"]
[EventType "swiss"]
[EventRounds "9"]
[EventCountry "HUN"]
[SourceTitle "CB13_2024"]
[SourceDate "2024.03.27"]
[SourceVersion "1"]
[SourceVersionDate "2024.03.27"]
[SourceQuality "1"]

1. e4 c5 2. Nf3 d6 3. c3 Nf6 4. Be2 g6 5. 0-0 Bg7 6. d3 0-0 7. Nbd2 e5 8. a4 Nc6 9. Nc4 h6 10. Qc2 Be6 11. Ne3 d5 12. exd5 Nxd5 13. Nxd5 Bxd5 14. Rd1 Re8 15. b3 f5 16. Bb2 Qc7 17. Rac1 Rad8 18. h3 1/2-1/2

[Event "Budapest FS07 Schev"]
[Site "Budapest"]
[Date "2023.07.02"]
[Round "2.1"]
[White "Juracsik, Jozsef"]
[Black "Szalanczy, Emil"]
[Result "1-0"]
[WhiteElo "1884"]
[BlackElo "1916"]
[PlyCount "99"]
[EventDate "2023.07.01"]
[EventType "schev"]
[EventRounds "10"]
[EventCountry "HUN"]
[SourceTitle "EXT 2024"]
[Source "ChessBase"]
[SourceDate "2023.10.10"]
[SourceVersion "1"]
[SourceVersionDate "2023.10.10"]
[SourceQuality "1"]
[WhiteTeam "Team Lower Elo"]
[BlackTeam "Team Higher Elo"]
[WhiteTeamCountry "HUN"]
[BlackTeamCountry "HUN"]

1. e4 c5 2. Nf3 d6 3. Bb5+ Nd7 4. 0-0 a6 5. Bd3 e6 6. c3 Ne7 7. Bc2 d5 8. d4 dxe4 9. Bxe4 Nf6 10. Bc2 Nc6 11. Bg5 Be7 12. dxc5 Qxd1 13. Rxd1 Bxc5 14. Nbd2 0-0 15. Bxf6 gxf6 16. Ne4 Be7 17. Nd6 Rd8 18. Nc4 Rb8 19. Nb6 Bc5 20. Rxd8+ Nxd8 21. Nxc8 Rxc8 22. Rd1 Nc6 23. Kf1 Rd8 24. Rxd8+ Nxd8 25. Ke2 a5 26. a3 h6 27. b4 axb4 28. axb4 Bb6 29. g4 Kf8 30. Be4 Ke7 31. h3 Kd6 32. c4 Ba7 33. c5+ Ke7 34. Nd4 Bb8 35. b5 f5 36. gxf5 e5 37. Nb3 b6 38. cxb6 Bd6 39. Kd3 Kf6 40. h4 Bb4 41. b7 Bd6 42. Nd2 Ke7 43. Nc4 Bb8 44. Bd5 f6 45. Ke4 Kd7 46. f3 Kc7 47. h5 Kd7 48. Ne3 Ke7 49. Ng4 Nxb7 50. Bxb7 1-0

[Event "Balatonlelle Rigo Memorial op"]
[Site "Balatonlelle"]
[Date "2023.06.16"]
[Round "3"]
[White "Jansen, Bob"]
[Black "Szalanczy, Emil"]
[Result "1-0"]
[WhiteElo "2229"]
[BlackElo "1922"]
[PlyCount "49"]
[EventDate "2023.06.14"]
[EventType "swiss"]
[EventRounds "9"]
[EventCountry "HUN"]
[SourceTitle "CBM 214 Extra"]
[Source "ChessBase"]
[SourceDate "2023.07.31"]
[SourceVersion "1"]
[SourceVersionDate "2023.07.31"]
[SourceQuality "1"]

1. d4 Nf6 2. Bf4 g6 3. Nc3 Bg7 4. e4 d6 5. Qd2 0-0 6. 0-0-0 e6 7. Bh6 Nc6 8. h4 e5 9. d5 Nd4 10. f3 c5 11. g4 Bd7 12. h5 Qe7 13. Nce2 a5 14. Ng3 a4 15. c3 Nb3+ 16. axb3 axb3 17. Qg5 Ra1+ 18. Kd2 Rxd1+ 19. Kxd1 Ra8 20. Bxg7 Kxg7 21. hxg6 fxg6 22. Nh5+ Kf7 23. Nxf6 h5 24. gxh5 Ra1+ 25. Kd2 1-0

[Event "Budapest FS02 Schev"]
[Site "Budapest"]
[Date "2023.02.14"]
[Round "9"]
[White "Szalanczy, Emil"]
[Black "Szabo, Bela"]
[Result "1-0"]
[WhiteElo "2007"]
[BlackElo "1955"]
[PlyCount "105"]
[EventDate "2023.02.04"]
[EventType "schev"]
[EventRounds "9"]
[EventCountry "HUN"]
[SourceTitle "EXT 2024"]
[Source "ChessBase"]
[SourceDate "2023.10.10"]
[SourceVersion "1"]
[SourceVersionDate "2023.10.10"]
[SourceQuality "1"]
[WhiteTeam "Team Higher Elo"]
[BlackTeam "Team Lower Elo"]
[WhiteTeamCountry "HUN"]
[BlackTeamCountry "HUN"]

1. Nf3 d5 2. g3 e6 3. Bg2 Bd6 4. 0-0 f5 5. d3 Nf6 6. Nc3 c6 7. e4 Bc7 8. exf5 d4 9. Ne4 0-0 10. Bg5 exf5 11. Nxf6+ gxf6 12. Bh6 Rf7 13. Re1 c5 14. Qe2 Bd7 15. Nh4 Nc6 16. Qh5 Ne7 17. Rxe7 Rxe7 18. Nxf5 Bxf5 19. Qxf5 Qd6 20. Bxb7 Rae8 21. Kg2 Kh8 22. Be4 Qb6 23. b3 a5 24. a4 Bd8 25. Bf4 Bc7 26. Bxc7 Rxc7 27. Qh5 Rce7 28. Rf1 Qd6 29. Bxh7 Kg7 30. Be4 Rh8 31. Qg4+ Kf8 32. h4 Rg8 33. Qf3 Re5 34. Rh1 Ke7 35. h5 Qe6 36. Bg6 f5 37. Rh4 Qd5 38. Qxd5 Rxd5 39. Rf4 Rf8 40. Kh3 Kf6 41. Kh4 Rg8 42. g4 Rxg6 43. hxg6 Kxg6 44. gxf5+ Rxf5 45. Rxf5 Kxf5 46. Kg3 Kg5 47. f3 Kf5 48. f4 Kf6 49. Kg4 Kg6 50. f5+ Kf6 51. Kf4 Kf7 52. Ke5 Ke7 53. Kd5 1-0

[Event "Budapest FS09 Nadassy"]
[Site "Budapest"]
[Date "2022.09.10"]
[Round "7.1"]
[White "Szalanczy, Emil"]
[Black "Szakmary, Domonkos"]
[Result "0-1"]
[WhiteElo "2012"]
[BlackElo "1912"]
[PlyCount "62"]
[EventDate "2022.09.03"]
[EventType "schev"]
[EventRounds "9"]
[EventCountry "HUN"]
[SourceTitle "CBM 210 Extra"]
[Source "ChessBase"]
[SourceDate "2022.11.30"]
[SourceVersion "1"]
[SourceVersionDate "2022.11.30"]
[SourceQuality "1"]
[WhiteTeam "Team Higher Elo"]
[BlackTeam "Team Lower Elo"]
[WhiteTeamCountry "HUN"]
[BlackTeamCountry "HUN"]

1. e4 c5 2. Nf3 Nc6 3. Nc3 Nf6 4. d4 cxd4 5. Nxd4 e5 6. Ndb5 d6 7. Bg5 a6 8. Na3 b5 9. Nd5 Be7 10. Bxf6 Bxf6 11. c4 Nd4 12. Nc2 Bg4 13. Qd3 bxc4 14. Qxc4 Rc8 15. Nce3 Rxc4 16. Bxc4 Be6 17. 0-0 0-0 18. b4 Bg5 19. Bxa6 Bxe3 20. fxe3 Bxd5 21. exd4 Bxe4 22. Rae1 d5 23. Rf2 Qb6 24. Bf1 Qxd4 25. b5 Ra8 26. Ree2 g6 27. h4 Kg7 28. Kh2 Bd3 29. Rd2 Qxh4+ 30. Kg1 Bxf1 31. Rxf1 Qc4 0-1